Time is the thief of money: what is the delay & disruption protocol, and will it avoid disputes? (Record no. 72256)

MARC details
000 -LEADER
fixed length control field 01071cam a2200229 4500
001 - CONTROL NUMBER
control field X121559
008 - FIXED-LENGTH DATA ELEMENTS--GENERAL INFORMATION
fixed length control field 030306n2003 000 0 eng u
035 ## - SYSTEM CONTROL NUMBER
System control number (Sirsi) u121559
100 ## - MAIN ENTRY--PERSONAL NAME
Personal name Willems, M.
245 ## - TITLE STATEMENT
Title Time is the thief of money: what is the delay & disruption protocol, and will it avoid disputes?
260 ## - PUBLICATION, DISTRIBUTION, ETC.
Date of publication, distribution, etc. 2003
490 ## - SERIES STATEMENT
Series statement New Civil Engineer
Volume/sequential designation 13 February 2003, 20-21(2)
520 ## - SUMMARY, ETC.
Summary, etc. Examines the Delay and Disruption Protocol. Explains what it is, what it does and questions if it can help avoid disputes. The protocol was launched in 2002 by the Society of Construction Law (SCL) aiming to provide guidance over delays in construction projects acting as a set of guidelines. It also aims to tread the diplomatic path between employer and contractor.
650 ## - SUBJECT ADDED ENTRY--TOPICAL TERM
Topical term or geographic name entry element CONSTRUCTION PROJECTS
650 ## - SUBJECT ADDED ENTRY--TOPICAL TERM
Topical term or geographic name entry element CONSTRUCTION DISPUTES
650 ## - SUBJECT ADDED ENTRY--TOPICAL TERM
Topical term or geographic name entry element DELAYS
650 ## - SUBJECT ADDED ENTRY--TOPICAL TERM
Topical term or geographic name entry element GUIDANCE
650 ## - SUBJECT ADDED ENTRY--TOPICAL TERM
Topical term or geographic name entry element SOCIETY OF CONSTRUCTION LAW DELAY AND DISRUPTION PROTOCOL
650 ## - SUBJECT ADDED ENTRY--TOPICAL TERM
Topical term or geographic name entry element DISPUTE AVOIDANCE
690 ## - LOCAL SUBJECT ADDED ENTRY--TOPICAL TERM (OCLC, RLIN)
Topical term or geographic name as entry element BUILDING AND CONSTRUCTION-PROJECTS
942 ## - ADDED ENTRY ELEMENTS (KOHA)
Suppress in OPAC 0
Holdings
Withdrawn status Lost status Source of classification or shelving scheme Damaged status Not for loan Home library Current library Shelving location Date acquired Total Checkouts Full call number Barcode Date last seen Copy number Price effective from Koha item type
    Dewey Decimal Classification     London London Journal article 06/03/2003   X121559 121559-1001 06/08/2019 1 06/08/2019 Journal article